000 00557nam a2200181Ia 4500
003 GCL
008 140319s9999 xx 000 0 ara d
040 _aGCL /
_cGCL
082 0 4 _a832
_bب م
100 1 _aبشنر، جورج
245 1 0 _aمسرحيات مختارة (هدية من الاديب عبدالفتاح الجمل) /
_cبشنر، جورج
700 1 _aعبدالغفارمكاوى
300 _a261 ص
490 _a
650 0 4 _aالادب الالمانى
650 0 4 _aالمسرح الالمانى, مسرحيات
942 _2ddc
_cBK
999 _c38440
_d38440